EA FC25 TOTS Saudi Pro League - Statistics

General Stats
  • This quiz has been taken 26 times
  • The average score is 9 of 19
Answer Stats
Rate Club Nation Answer % Correct
97 Al Nassr Portugal Cristiano Ronaldo
100%
96 Al Ittihad France N'Golo Kante
90%
96 Al Ittihad France Karim Benzema
86%
95 Al Hilal Serbia Sergej Milinkovic-Savic
76%
95 Al Ahli Algeria Riyad Mahrez
71%
95 Al Ittihad France Moussa Diaby
67%
96 Al Hilal Saudi Arabia Salem Al Dawsari
52%
93 Al Nassr Colombia Jhon Duran
43%
95 Al Ahli England Ivan Toney
38%
94 Al Hilal Portugal Joao Cancelo
38%
91 Al Qadsiah Belgium Koen Casteels
38%
92 Al Nassr France Mohamed Simakan
38%
95 Al Ahli Brazil Roger Ibanez
38%
93 Al Shabab Morocco Abderrazak Hamdallah
29%
93 Al Shabab Portugal Daniel Podence
24%
92 Al Khaleej Saudi Arabia Abdullah Al Salem
19%
94 Al Hilal Brazil Marcos Leonardo
19%
93 Al Ittihad Netherlands Steven Bergwijn
19%
91 Al Nassr Saudi Arabia Nawaf Boushal
14%
No matching quizzes found
Score Distribution
Percent of People with Each Score
Percentile by Number Answered
Your Score History
You have not taken this quiz